| 000 | 00574nam a2200205Ia 4500 | ||
|---|---|---|---|
| 003 | OSt | ||
| 005 | 20260326144416.0 | ||
| 008 | 210210b1963 xxu||||| |||| 00| 0 eng d | ||
| 040 | _cAL | ||
| 041 | _aHindi | ||
| 082 | _a869/318 | ||
| 100 |
_aTAGORE (Rabindranath) _dरबीन्द्रनाथ ठाकुर _9259423 |
||
| 245 |
_aMastar sahab _b मास्टर साहब |
||
| 260 |
_aDelhi _bPrabhat Prakashan _c1963 |
||
| 650 |
_asAhab _9259424 |
||
| 650 |
_aMasTar _9259425 |
||
| 690 |
_aHindi Fiction _9259426 |
||
| 906 | _a024117 | ||
| 942 |
_2ddc _cBK |
||
| 999 |
_c149079 _d149079 |
||